Science Quiz

Random Science or Animal Quiz

Drinking Animals Quiz Stats

 Plays Quiz Updated Nov 21, 2017

Score 0/25 Timer 06:00
7 Plays Today
% Correct
Zebra
99.9%
Giant Panda
98.5%
Red Fox
96.6%
Lion
96.2%
Rhinoceros
96.1%
African Elephant
95.2%
Bear
95.1%
Horse
94.9%
Red Kangaroo
94.7%
Northern Barred Owl
94.7%
Black Rat Snake
94.6%
Swan
94.6%
Hippopotamus
94.5%
% Correct
Camel
94.5%
Moose
94.4%
Giraffe
94.3%
Tiger
93.9%
Grey Wolf
93.4%
Cross River Gorilla
92.5%
Chimpanzee
91.8%
Martial Eagle
90.8%
Australian King Parrot
88.3%
Jaguar
83.3%
Chipmunk
82.1%
Blue Wildebeest
65.8%

You're not logged in!

Compare scores with friends on all Sporcle quizzes.
Join for Free
OR
Log In

You Might Also Like...

Show Comments

Extras

Top Quizzes Today


Score Distribution

Your Account Isn't Verified!

In order to create a playlist on Sporcle, you need to verify the email address you used during registration. Go to your Sporcle Settings to finish the process.

Report this User

Report this user for behavior that violates our Community Guidelines.

Details: